00946cam a2200301 a 4500001000700000003000700007005001700014008004100031010001500072020002600087020002600113035001200139040002800151042000900179050001900188060000900207245009500216260003000311300003400341504005100375520002700426650002000453650002400473655001100497655001400508700002900522856009300551332471yeezen20250717160701.0211005s2020 nyua e bf 001 0 eng  a2019052183 a9781684200238q(pbk.) z9781684200245q(ebk.) a1758237 aDNLM/DLCbengcDLCdC5M anbic00aRD533b617.471 4aWE1700aAtlas of full-endoscopic spine surgery /c[edited by] Christoph P. Hofstetter ... [et al.] aNew York :bThieme,c2020 axiv, 140 p. :bill. ;c28 cm. aIncludes bibliographical references and index. cProvided by publisher.12aSpinexsurgery.12aEndoscopyxmethods. 2aAtlas. 2aHandbook.1 aHofstetter, Christoph P.41uhttps://medone.thieme.com/zP+E電子書, 登入方式請參見紙本圖書內頁或ERMG